La linguistique. (Record no. 1137)
[ view plain ]
| 000 -CABECERA | |
|---|---|
| campo de control de longitud fija | 00627cam a2200193 a 4500 |
| 001 - NÚMERO DE CONTROL | |
| campo de control | 000001186 |
| 005 - FECHA Y HORA DE LA ÚLTIMA TRANSACCIÓN | |
| campo de control | 20200929145512.0 |
| 008 - DATOS DE LONGITUD FIJA--INFORMACIÓN GENERAL | |
| campo de control de longitud fija | 740718s1953 xx 000 0 eng |
| 040 ## - FUENTE DE LA CATALOGACIÓN | |
| Centro catalogador/agencia de origen | DO-SdBNP |
| Lengua de catalogación | spa |
| Centro/agencia transcriptor | BNPHU |
| 082 ## - NÚMERO DE LA CLASIFICACIÓN DECIMAL DEWEY | |
| Número de clasificación | 410 |
| Número de documento/Ítem | P461L |
| 100 1# - ENTRADA PRINCIPAL--NOMBRE DE PERSONA | |
| Nombre de persona | Perrot, Jean, |
| Fechas asociadas al nombre | 1925- |
| 9 (RLIN) | 4034 |
| 245 13 - MENCIÓN DE TÍTULO | |
| Título | La linguistique. |
| 260 ## - PUBLICACIÓN, DISTRIBUCIÓN, ETC. | |
| Lugar de publicación, distribución, etc. | París : |
| Nombre del editor, distribuidor, etc. | Presses universitaires de France, |
| Fecha de publicación, distribución, etc. | 1953. |
| 300 ## - DESCRIPCIÓN FÍSICA | |
| Extensión | 135 p. ; |
| Dimensiones | 18 cm. |
| 490 1# - MENCIÓN DE SERIE | |
| Mención de serie | Que sais-je?, le point des connaissances actuelles ; |
| Designación de volumen o secuencia | 570 |
| 650 #4 - PUNTO DE ACCESO ADICIONAL DE MATERIA--TÉRMINO DE MATERIA | |
| Término de materia o nombre geográfico como elemento de entrada | Lingüística |
| 9 (RLIN) | 4035 |
| 650 #4 - PUNTO DE ACCESO ADICIONAL DE MATERIA--TÉRMINO DE MATERIA | |
| Término de materia o nombre geográfico como elemento de entrada | Lenguaje y lenguas |
| 9 (RLIN) | 407 |
| 830 #0 - PUNTO DE ACCESO ADICIONAL DE SERIE-TÍTULO UNIFORME | |
| Título uniforme | Que sais-je?, le point des connaissances actuelles ; |
| Número de parte o sección de la obra | 570 |
| 9 (RLIN) | 4036 |
| Estado de retiro | Estado de pérdida | Restricciones de uso | No para préstamo | Localización permanente | Ubicación/localización actual | Ubicación en estantería | Fecha de adquisición | Número de inventario | Total de préstamos | Signatura topográfica completa | Código de barras | Fecha visto por última vez | Precio válido a partir de | Tipo de ítem Koha |
|---|---|---|---|---|---|---|---|---|---|---|---|---|---|---|
| General | General | Depósito | 07.08.2009 | LF1 | 410 P461L | 1186-10 | 25.06.2020 | 25.06.2020 | Préstamo en sala |
